| 000 | 00876am a2200289a 44500 | ||
|---|---|---|---|
| 003 | AR-BaBNM | ||
| 005 | 20251128210306.0 | ||
| 008 | 089019s1994 #AR|||||||||||000 | spa|| | ||
| 020 | _a950-01-0533-0 | ||
| 040 | _cAR-BaBNM | ||
| 100 | 1 | _aGotbeter, Gustavo Luis | |
| 245 | 1 | 0 |
_aDidáctica de la matemática para la escuela primaria _bmódulo 2 |
| 250 | _a1ª ed. | ||
| 260 |
_aBuenos Aires _bEstrada _c1994 |
||
| 300 |
_a101 p. _bil. |
||
| 490 | 0 | _aRed Estrada | |
| 500 | _aMaterial correspondiente al programa de capacitación docente en didáctica de la matemática | ||
| 650 | 4 | _aENSEÑANZA DE LAS MATEMATICAS | |
| 650 | 4 | _aFORMACION PROFESIONAL | |
| 650 | 4 | _aACTIVIDADES DE APRENDIZAJE | |
| 650 | 4 | _aAUTOEVALUACION | |
| 650 | 4 | _aCONCEPTOS MATEMATICOS | |
| 650 | 4 | _aCONCEPTOS NUMERICOS | |
| 653 | _aEDUCACION PRIMARIA | ||
| 942 | _cBK | ||
| 998 | _cCarmen | ||
| 999 |
_c14826 _d14826 |
||